[Event "Taastrup Quick Weekend 12th B3"]
[Site "Taastrup"]
[Date "2010.10.02"]
[Round "3"]
[White "Nielsen, Arne"]
[Black "Jensen, Steen Dahlgaard"]
[Result "1/2-1/2"]
[WhiteElo "1417"]
[BlackElo "1571"]
[PlyCount "69"]
[EventDate "2010.10.01"]
[EventType "tourn"]
[EventRounds "5"]
[EventCountry "DEN"]
[SourceTitle "EXT 2023"]
[Source "ChessBase"]
[SourceDate "2022.10.05"]
[SourceVersion "1"]
[SourceVersionDate "2022.10.05"]
[SourceQuality "1"]

1. c4 e5 2. g3 Nf6 3. Bg2 Be7 4. Nc3 0-0 5. e4 Nc6 6. Nge2 d6 7. 0-0 Bg4 8. h3 Bd7 9. d3 Ne8 10. Nd5 Bg5 11. f4 Bf6 12. Nxf6+ Qxf6 13. f5 Qd8 14. Be3 f6 15. a3 Ne7 16. b4 b6 17. g4 c5 18. h4 Nc6 19. b5 Nd4 20. Nxd4 cxd4 21. Bd2 a5 22. a4 Ra7 23. Kf2 Kf7 24. Rh1 Rh8 25. g5 Nc7 26. gxf6 gxf6 27. Qh5+ Ke7 28. Rag1 Be8 29. Qd1 Bf7 30. Bf3 Rg8 31. Bh5 Qe8 32. Bxf7 Rxg1 33. Rxg1 Qxf7 34. Bh6 Ne8 35. Qg4 1/2-1/2

[Event "Taastrup Quick Weekend 8th D"]
[Site "Taastrup"]
[Date "2008.10.25"]
[Round "2"]
[White "Nielsen, Arne"]
[Black "Lindgaard, Jorn"]
[Result "1-0"]
[WhiteElo "1615"]
[BlackElo "1439"]
[PlyCount "53"]
[EventDate "2008.10.24"]
[EventType "tourn"]
[EventRounds "5"]
[EventCountry "DEN"]
[SourceTitle "EXT 2023"]
[Source "ChessBase"]
[SourceDate "2022.10.05"]
[SourceVersion "1"]
[SourceVersionDate "2022.10.05"]
[SourceQuality "1"]

1. c4 e5 2. g3 Nf6 3. Bg2 c6 4. e4 d5 5. cxd5 cxd5 6. exd5 Nxd5 7. a3 Bc5 8. Ne2 Nc6 9. h3 Be6 10. 0-0 0-0 11. Nbc3 Nxc3 12. dxc3 Qb6 13. b4 Rfd8 14. bxc5 Bb3 15. cxb6 Bxd1 16. Re1 axb6 17. Be3 Bxe2 18. Rxe2 Rd3 19. Rd2 Rxc3 20. Bxb6 Rcxa3 21. Rxa3 Rxa3 22. Bxc6 g6 23. Bd5 Ra1+ 24. Kg2 Rb1 25. Be3 Kg7 26. Rd3 Rb5 27. Rd2 1-0